| 000 | 00623pam a2200229 a 4500 | ||
|---|---|---|---|
| 001 | 4771341 | ||
| 005 | 20180131052151.0 | ||
| 008 | 861125s1987 nyua b 001 0 eng | ||
| 010 | _a 86031802 | ||
| 020 | _a0313256454 (lib. bdg. : alk. paper) | ||
| 040 |
_aDLC _cDLC _dDLC |
||
| 041 | _aeng | ||
| 043 | _ae-uk--- | ||
| 080 | _a330.0941 LAN | ||
| 082 | 0 | 0 |
_a330.0941 LAN _219 |
| 100 | 1 | _a52 | |
| 101 | _aEKO | ||
| 245 | 1 | 4 |
_aThe coming of age of political economy, 1815-1825 / _cGary F. Langer. |
| 504 | _aBibliography: p. [209]-217. | ||
| 906 |
_a7 _bcbc _corignew _d1 _eocip _f19 _gy-gencatlg |
||
| 942 |
_2ddc _cBK |
||
| 999 |
_c41372 _d41372 |
||